Practical geometry for technical drawing (Record no. 76981)

MARC details
000 -LEADER
fixed length control field 00734nam a2200169 a 4500
008 - FIXED-LENGTH DATA ELEMENTS--GENERAL INFORMATION
fixed length control field 120416s1967 xx |||||||||||||| || u
050 ## - LIBRARY OF CONGRESS CALL NUMBER
Classification number QA 464 Woo
100 ## - MAIN ENTRY--PERSONAL NAME
Personal name Woolven, Sydney John
245 10 - TITLE STATEMENT
Title Practical geometry for technical drawing
260 ## - PUBLICATION, DISTRIBUTION, ETC.
Place of publication, distribution, etc.
Name of publisher, distributor, etc. Cambridge University Press
Date of publication, distribution, etc. 1967
300 ## - PHYSICAL DESCRIPTION
Extent viii,256p. : ill.
350 ## -
-- 0.00
650 ## - SUBJECT ADDED ENTRY--TOPICAL TERM
Topical term or geographic name entry element Geometrical drawing
650 ## - SUBJECT ADDED ENTRY--TOPICAL TERM
Topical term or geographic name entry element ENGINEERING
995 ## -
-- MAIN LIBRARY OPEN ACCESS
-- 0.00
-- 718107
-- CBU-MAIN LIBRARY (Kitwe)
-- 1
-- 6.47
-- QA 464 Woo
-- 2
-- AVAILABLE
-- May 19, 2006
-- 42154
-- Main Library Open Access Collection
995 ## -
-- MAIN LIBRARY OPEN ACCESS
-- 0.00
-- 718101
-- CBU-MAIN LIBRARY (Kitwe)
-- 2
-- 6.47
-- QA 464 Woo
-- 1
-- AVAILABLE
-- 012678
-- Main Library Open Access Collection
999 ## -
-- 76981
-- 76981
Holdings
Withdrawn status Lost status Source of classification or shelving scheme Damaged status Not for loan Permanent Location Current Location Shelving location Date acquired Total Checkouts Full call number Barcode Date last seen Date last checked out Copy number Price effective from Koha item type
          CBU-MAIN LIBRARY, KITWE. CBU-MAIN LIBRARY, KITWE.   04/25/2023 1 QA 464 Woo 42154 05/03/2024 04/24/2024 1 04/25/2023 MONOGRAPH
          CBU-MAIN LIBRARY, KITWE. CBU-MAIN LIBRARY, KITWE.   04/25/2023   QA 464 Woo 012678 04/25/2023   2 04/25/2023 MONOGRAPH